000 00860nam a2200253Ia 4500
003 OSt
005 20220923225403.0
006 a|||||r|||| 00| 0
007 ta
008 220922b |||||||| |||| 00| 0 hin d
024 _a265,311
037 _cTextual
040 _aARTS
_cARTS
_bhin
041 _2hin
_ahin
082 _aY5927, Q1
100 _aओमवेट, गेल; गुप्ता, रमणिका, अनु.
245 0 _aदलित दृष्टि
246 _aDalit dṛuṣhṭi
260 _aनयी दिल्ली
_b वाणी प्रकाशन
_c2011
300 _a111पृ.
_ccm.
650 _aभारतीय-लोक साहित्य
942 _hY5927, Q1
_cTEXL
_2CC
999 _c377940
_d377940